LIBRARY & INFORMATION CENTRE, KCAET, TAVANUR

ONLINE PUBLIC ACCESS CATALOGUE (OPAC)

Electric power engineers handbook / (Record no. 5390)

MARC details
000 -LEADER
fixed length control field 00392cam a2200157ua 4500
041 ## - LANGUAGE CODE
Language code of text/sound track or separate title eng
082 ## - DEWEY DECIMAL CLASSIFICATION NUMBER
Classification number 028.71621
Item number IBB/EL
100 ## - MAIN ENTRY--AUTHOR NAME
Personal name Ibbetson, W.S .
245 ## - TITLE STATEMENT
Title Electric power engineers handbook /
250 ## - EDITION STATEMENT
Edition statement 3 /
260 ## - PUBLICATION, DISTRIBUTION, ETC. (IMPRINT)
Place of publication london :
Name of publisher E&TN spon Ltd ,
Year of publication 1951.
300 ## - PHYSICAL DESCRIPTION
Number of Pages 298 ; .
942 ## - ADDED ENTRY ELEMENTS (KOHA)
Koha item type Books
Holdings
Withdrawn status Lost status Damaged status Home library Current library Date acquired Full call number Accession Number Koha item type
      KAUAET KAUAET 07/04/2012 028.71621 3535 Reference
free website counter